000 01085nam a2200205 4500
999 _c57605
_d57605
003 Ge_BSU
005 20200813130319.0
008 200813s2018 ge ||||| |||| 00| 0 geo d
020 _a9789941085895
041 _ageo
080 _a001 გ-13
100 _aგაბუნია, ლუიზა
_96288
245 _aსამეცნიერო კვლევის საფუძვლები და უნარ-ჩვევები
_cგაბუნია, ლუიზა , ხეცურიანი, შორენა, გამყრელიძე, ნათია; რედ. რიმა ბერიაშვილი, გაიანე სიმონია.
264 _aთბილისი :
_b თსსუ
_c2018.
300 _a 257 გვ.:
_bსურ., ცხრ.
_c25 სმ.
653 _a მეცნიერული კვლევები
700 _a ხეცურიანი, შორენა
_e ავტორი
_99198
700 _a გამყრელიძე, ნათია
_eავტორი
_99199
942 _2udc
_cBK